Statistics for Countries with entry bans for other countries

Click here to take the quiz!

General Stats

  • This quiz has been taken 82 times
  • The average score is 5 of 13

Answer Stats

HintAnswer% Correct
This country has a temporary entry ban for people from 7 countriesUnited States
100%
This country has a reciprocal entry ban to the above countryIran
82%
Citizens of this country are not allowed into 16 countries including Sudan, Oman and MalaysiaIsrael
80%
Armenians are not allowed into this countryAzerbaijan
57%
This country bans entry of citizens from 9 countries including Ethiopia, Pakistan and IranKuwait
35%
This country refuses entry to IraniansLibya
26%
This country bans entry from 6 countries including Iraq, Afghanistan and LibyaSouth Korea
26%
These countries may ban entry of citizens of, or recent visitors to countries including Guinea, Liberia, Sierra Leone and NigeriaBahrain
19%
This country refuses admission to Iraqi and Kosovan citizensSingapore
15%
This country also refuses Armenians entry, but also citizens of Cuba and Seychelles as wellKosovo
11%
Mongolia
5%
Mauritius
4%
Papua New Guinea
1%

Score Distribution

Percentile by Number Answered

Percent of People with Each Score

Your Score History

You have not taken this quiz